000 01520nam a22001457a 4500
999 _c525291
_d525291
008 240221b ||||| |||| 00| 0 eng d
100 _aTrivedi, P.K., Ali, M. and Satpal
_950023
245 _aFarmer producer organisations in north India: Potentials and challenges
260 _aInternational Journal of Rural Management
300 _a19(3), Dec, 2023: p. 379-398
520 _aThis article seeks to analyse the current business model of FPOs to understand socio-economic consequences for individual members. The study selected 10 farmer producer organisations from Uttar Pradesh, India considering diversity along with geographical location, the field of operation and business model. In total, 10% of the villages covered by each chosen FPO and 5 members from each selected village were randomly selected for data collection. Two separate schedules for FPOs and members were administered for data collection. The study found that FPO members, particularly small and marginal farmers, experienced a positive socio-economic impact on their lives due to exposure to new techniques and enhanced bargaining power due to collectivisation. However, lack of capital due to constraints in accessing finance from banks was found to be a major challenge. The article concludes by underlining what needs to be done to make FPOs sustainable. – Reproduced https://journals.sagepub.com/doi/full/10.1177/09730052221107730
773 _aInternational Journal of Rural Management
906 _aAGRICULTURE
942 _cAR